000 00881cam a2200289 a 4500
001 968
003 BD-RjUL
005 20211208233246.0
008 131124s1982 nyua b 00110 eng
020 _a0023251204
035 _a(BD-RjUL)990
040 _aDLC
_cDLC
_dBOS
_dBD-RjUL
_beng
041 _aeng
082 _221
_a100
_bCOP 1982
100 1 _aCornman, James W.
_92863
245 1 0 _aPhilosophical problems and arguments :
_ban introduction /
_cJames W. Cornman, Keith Lehrer, George S. Pappas.
250 _a3rd ed.
260 _aNew York ;
_aLondon :
_bMacmillan ,
_cc1982.
300 _axviii, 366 p. ;
_c23 cm.
504 _aIncludes bibliographies and indexes.
650 0 _aPhilosophy
_xIntroductions.
_92795
700 1 _aLehrer, Keith.
_92864
700 1 _aPappas, George Sotiros,
_d1942-
_92865
942 _2ddc
_cBK
999 _c968
_d968